00570nam a2200181Ia 450000500170000000800410001702000100005804000190006804100120008708200160009910000160011524501210013126000440025230000220029650400320031865000280035085000100037820230127142952.0131103s9999 xx 000 0 und d cRs.10 aLoreto College aEnglish a954.01bSAS aSastri,K.N. aNew light on the Indus civilization Vol IIb Disposal of the dead,the aryan problem and the Atharvaveda cK.N.Sastri aDelhibPublishers and Booksellersc1965 ax,170 p.b illus. aIncludes appendix and index aHistory - Ancient India aLCLIB